| 000 | 00748nam a2200241 a 4500 | ||
|---|---|---|---|
| 001 | BRCA_3996 | ||
| 005 | 20190320204515.0 | ||
| 008 | 160110s1964----uk-#######---#000-0#eng-# | ||
| 041 | _aeng | ||
| 044 | _aUk | ||
| 050 | 4 |
_aHC135 _b.P83 1964 |
|
| 245 | 1 | 0 |
_aPublic Policy and Private Enterprise in Mexico _cRaymond Vernon, editor ; studies by Miguel S. Wionczek... [et al.]. |
| 260 |
_aCambridge _bHarvard University _c1964 |
||
| 300 |
_a324 p. _c22 cm. |
||
| 500 | _aIncluye índice temático | ||
| 500 | _aCEF4 | ||
| 651 | 4 |
_aMéxico _xCondiciones económicas _92842 |
|
| 651 | 4 |
_aMéxico _xPolítica económica _910395 |
|
| 700 | 1 |
_aWionczek, Miguel S. _910396 |
|
| 700 | 1 |
_aVernon, Raymond _eEditor _910397 |
|
| 902 | _aGFM | ||
| 942 |
_2lcc _cB |
||
| 999 |
_c3722 _d3722 |
||